all fnaf characters - Statistics

General Stats
  • This quiz has been taken 44 times
  • The average score is 63 of 130
Answer Stats
Hint Answer % Correct
FNAF 1 Bonnie
100%
FNAF 1 Chica
100%
FNAF 1 Foxy
100%
FNAF 1 Freddy
100%
FNAF 1 Golden Freddy
100%
FNAF 2 Toy Bonnie
95%
FNAF 2 Toy Chica
95%
FNAF 2 Toy Freddy
95%
FNAF 2 Mangle
90%
FNAF 2 Balloon Boy
80%
FNAF 4 Nightmare
80%
FNAF 3 Springtrap
80%
FNAF 2 The Puppet
80%
FNAF 2 Withered Bonnie
80%
FNAF 2 Withered Chica
80%
FNAF 2 Withered Foxy
80%
FNAF 2 Withered Freddy
80%
Humans Michael Afton
75%
FNAF 4 Nightmare Freddy
75%
FNAF 2 Shadow Freddy
75%
Sister Location Funtime Freddy
70%
FNAF 4 Nightmare Bonnie
70%
FNAF 4 Nightmare Chica
70%
FNAF 3 Phantom Chica
70%
FNAF 3 Phantom Foxy
70%
FNAF 3 Phantom Freddy
70%
FNAF 2 Shadow Bonnie
70%
Humans William Afton
70%
Sister Location Ballora
65%
Sister Location Bon Bon
65%
Sister Location Circus Baby
65%
Sister Location Funtime Foxy
65%
FNAF 2 JJ
65%
FNAF 6 Molten Freddy
65%
FNAF 4 Nightmare Foxy
65%
FNAF 4 Plushtrap
65%
FNAF 6 Rockstar Bonnie
65%
FNAF 6 Rockstar Chica
65%
Security Drop Vanny
65%
Ruin Mimic
60%
FNAF 3 Phantom Balloon Boy
60%
FNAF 3 Phantom Puppet
60%
FNAF 6 Rockstar Foxy
60%
FNAF 6 Rockstar Freddy
60%
FNAF 6 Scrapbaby
60%
FNAF 6 Scraptrap
60%
Humans Vanessa
60%
FNAF 2 Withered Golden Freddy
60%
FNAF 1 Endo 01
55%
Sister Location Ennard
55%
FNAF 6 Happy Frog
55%
FNAF 4 Jack o Chica
55%
FNAF 6 Lefty
55%
FNAF 4 Nightmare Fredbear
55%
FNAF 4 Nightmarionne
55%
FNAF 6 Orville Elephant
55%
FNAF 3 Phantom Mangle
55%
Security Breach Sun
55%
Sister Location Bidybab
50%
Sister Location Bonnet
50%
Humans Crying Child
50%
Sister Location Electrobab
50%
FNAF 2 Endo 02
50%
FNAF 6 Funtime Chica
50%
Security Breach Glamrock Chica
50%
Security Breach Glamrock Freddy
50%
Humans Henry Emily
50%
FNAF 4 Jack o Bonnie
50%
Sister Location Minireena
50%
Security Breach Montgomery Gator
50%
FNAF 4 Nightmare Balloon Boy
50%
Security Breach Roxanne Wolf
50%
Humans Elizabeth Afton
45%
Security Breach Glamrock Bonnie
45%
Help Wanted Glitchtrap
45%
Humans Gregory
45%
Humans Jeremy
45%
Sister Location Lolbit
45%
FNAF 6 Mr Hippo
45%
FNAF 6 Music Man
45%
FNAF 4 Nightmare Mangle
45%
Security Breach Burntrap
40%
Humans Cassie
40%
Ruin Eclipse
40%
FNAF 6 El Chip
40%
FNAF 6 Helpy
40%
FNAF 4 Nightmare Cupcake
40%
FNAF 6 Pigpatch
40%
Sister Location Yenndo
40%
Humans Charlotte Emily
35%
Security Breach DJ Music Man
35%
Secret Of The Mimic Jackie
35%
Security Breach Moondrop
35%
FNAF 6 Neddbear
35%
Security Breach Staff Bot
35%
Secret Of The Mimic Big Top
30%
Humans Cassidy
30%
FNAF 6 Security Puppet
30%
Security Breach The Blob
30%
FNAF 6 Trash & The Gang
30%
Help Wanted Dreadbear
25%
Humans Edwin Murray
25%
Security Breach Glamrock Endo
25%
Ruin Mxes
25%
Help Wanted 2 Mystic Hippo
25%
Books Springbonnie
25%
FNAF 6 Candy Cadet
20%
Help Wanted 2 Carnie
20%
Help Wanted Plush Baby
20%
Books Twisted Bonnie
20%
Books Twisted Foxy
20%
Books Twisted Freddy
20%
Books Twisted Wolf
20%
Help Wanted Grimm Foxy
15%
Ruin Helpi
15%
Secret Of The Mimic Nurse Dollie
15%
Secret Of The Mimic Tiger Rock
15%
Books Eleanor
10%
Books Fetch
10%
Security Breach Lil Music Man
10%
Help Wanted Nightmare Endo
10%
Books Ralpho
10%
Ruin Ruined Monty
10%
Ruin Ruined Roxy
10%
Secret Of The Mimic Sleepy Moon
10%
Books Happs
5%
Books Lonely Freddy
5%
Ruin Prototype Glamrock Freddy
5%
Ruin Ruined Chica
5%
Help Wanted 2 Carnival Nurse
0%
No matching quizzes found
Score Distribution
Percent of People with Each Score
Percentile by Number Answered
Your Score History
You have not taken this quiz